Normal view
MARC view
- Terpstra, Vern
Entry Personal Name
001 - CONTROL NUMBER
- control field: 4723
003 - CONTROL NUMBER IDENTIFIER
- control field: OSt
005 - DATE AND TIME OF LATEST TRANSACTION
- control field: 20170515162206.0
008 - FIXED-LENGTH DATA ELEMENTS
- fixed length control field: 170515|| aca||aabn | a|a d
040 ## - CATALOGING SOURCE
- Original cataloging agency: OSt
- Transcribing agency: OSt
100 ## - HEADING--PERSONAL NAME
- Personal name: Terpstra, Vern
670 ## - SOURCE DATA FOUND
- Source citation: Work cat.: (OSt)0: Terpstra, Vern, International marketing /, c2000

PORTAL AKMAL
E-MEL JKDM
AKMAL2U
G-BAM
u-PUSTAKA